<?xml version="1.0" encoding="UTF-8"?><?xml-stylesheet type="text/xsl" href="static/style.xsl"?><OAI-PMH xmlns="http://www.openarchives.org/OAI/2.0/" xmlns:xsi="http://www.w3.org/2001/XMLSchema-instance" xsi:schemaLocation="http://www.openarchives.org/OAI/2.0/ http://www.openarchives.org/OAI/2.0/OAI-PMH.xsd"><responseDate>2026-06-07T06:24:52Z</responseDate><request verb="GetRecord" identifier="oai:riuma.uma.es:10630/29718" metadataPrefix="marc">https://riuma.uma.es/rest/oai/request</request><GetRecord><record><header><identifier>oai:riuma.uma.es:10630/29718</identifier><datestamp>2026-02-03T11:25:20Z</datestamp><setSpec>com_10630_2254</setSpec><setSpec>col_10630_37953</setSpec></header><metadata><record xmlns="http://www.loc.gov/MARC21/slim" xmlns:dcterms="http://purl.org/dc/terms/" xmlns:doc="http://www.lyncode.com/xoai" xmlns:xsi="http://www.w3.org/2001/XMLSchema-instance" xsi:schemaLocation="http://www.loc.gov/MARC21/slim http://www.loc.gov/standards/marcxml/schema/MARC21slim.xsd">
   <leader>00925njm 22002777a 4500</leader>
   <datafield ind2=" " ind1=" " tag="042">
      <subfield code="a">dc</subfield>
   </datafield>
   <datafield ind2=" " ind1=" " tag="720">
      <subfield code="a">Guijarro-Romero, Santiago</subfield>
      <subfield code="e">author</subfield>
   </datafield>
   <datafield ind2=" " ind1=" " tag="720">
      <subfield code="a">Mayorga-Vega, Daniel</subfield>
      <subfield code="e">author</subfield>
   </datafield>
   <datafield ind2=" " ind1=" " tag="720">
      <subfield code="a">Casado-Robles, Carolina</subfield>
      <subfield code="e">author</subfield>
   </datafield>
   <datafield ind2=" " ind1=" " tag="720">
      <subfield code="a">Viciana-Ramírez, Jesus</subfield>
      <subfield code="e">author</subfield>
   </datafield>
   <datafield ind2=" " ind1=" " tag="260">
      <subfield code="c">2020-08-08</subfield>
   </datafield>
   <datafield ind2=" " ind1=" " tag="520">
      <subfield code="a">Objective: The aim was to compare the effect of a Physical Education (PE)-based fitness teaching unit to improve cardiorespiratory fitness levels between students’ motivational profiles toward PE in high-school students using cluster analysis. Method: One hundred and eighty-one high school students (final sample 165, 52.1% females; Mage = 12.9 ± 0.9) from&#xd;
nine pre-established classes were cluster-randomly assigned into an experimental group (n = 120) and control group (n = 61). The experimental group performed a fitness teaching unit twice a week for nine weeks. Students’ baseline of self-determined motivation toward PE was measured by the Spanish version of the Perceived Locus of Causality-II Scale. Cardiorespiratory fitness was measured before and after the intervention through the 20-meter shuttle run test. Results: Based on a two-stage cluster analysis approach, four clusters were identified in both groups. Results showed that the experimental group students within the high self-determined motivational profiles toward PE (i.e., clusters 2 and 4) statistically significantly improved their cardiorespiratory fitness levels compared with the control group students in cluster 2 (i.e., those with moderate self-determined motivational profile toward PE) (p &lt; 0.05; d = 0.37-0.48). However, statistically significant differences between the&#xd;
students with a moderate autonomous motivation profile toward PE (i.e., cluster 3 of the experimental group) and the control group students in clusters 2 and 3 were not found (p > 0.05). Conclusions: With the objective of increasing all students’ cardiorespiratory fitness levels, PE teachers should encourage students’ motivation toward PE applying specific&#xd;
motivational strategies during PE lessons.</subfield>
   </datafield>
   <datafield ind1="8" ind2=" " tag="024">
      <subfield code="a">Guijarro-Romero, S., Viciana, J., Casado-Robles, C., &amp; Mayorga-Vega, D. (2020). Does students’ self-determined motivation toward Physical Education influence the effectiveness of a fitness teaching unit? A cluster-randomized controlled trial and cluster analysis. Psychology of Sport and Exercise, 51, 101768. https://doi.org/10.1016/j.psychsport.2020.101768</subfield>
   </datafield>
   <datafield ind1="8" ind2=" " tag="024">
      <subfield code="a">1469-0292</subfield>
   </datafield>
   <datafield ind1="8" ind2=" " tag="024">
      <subfield code="a">https://hdl.handle.net/10630/29718</subfield>
   </datafield>
   <datafield ind1="8" ind2=" " tag="024">
      <subfield code="a">10.1016/j.psychsport.2020.101768</subfield>
   </datafield>
   <datafield tag="653" ind2=" " ind1=" ">
      <subfield code="a">Educación física para adolescentes</subfield>
   </datafield>
   <datafield tag="653" ind2=" " ind1=" ">
      <subfield code="a">Adolescentes - Salud</subfield>
   </datafield>
   <datafield ind2="0" ind1="0" tag="245">
      <subfield code="a">Does students’ self-determined motivation toward Physical Education influence the effectiveness of a fitness teaching unit? A cluster-randomized controlled trial and cluster analysis.</subfield>
   </datafield>
</record>
</metadata></record></GetRecord></OAI-PMH>